[Event "Carnaval"]
[Site "Quebec CAN"]
[Date "1975.02.08"]
[Round "2"]
[White "Brodie, Hugh"]
[Black "Boyer, Christophe"]
[Result "1-0"]
[WhiteElo "1800"]
[BlackElo "1600"]
[PlyCount "82"]
[EventDate "1975.02.07"]
[EventType "swiss"]
[EventRounds "5"]
[EventCountry "CAN"]

1. e4 e6 2. d3 d5 3. Nd2 c5 4. Ngf3 Nc6 5. g3 Nf6 6. Bg2 dxe4 7. dxe4 e5 8. O-O
Bg4 9. c3 Be7 10. Qc2 O-O 11. Re1 b5 12. Nf1 Bh5 13. Ne3 Bg6 14. Nh4 Nh5 15.
Nxg6 fxg6 16. Rd1 Qc8 17. Qb3+ Kh8 18. Qxb5 Rb8 19. Qe2 Nf6 20. Nd5 Qe6 21.
Nxe7 Qxe7 22. f3 Rbd8 23. Be3 Rd7 24. Qb5 Rfd8 25. Rxd7 Qxd7 26. Bxc5 Rb8 27.
Qe2 Rd8 28. Be3 Ne7 29. Rc1 Nc8 30. Rc2 Qa4 31. b3 Qe8 32. Rd2 Nb6 33. Rxd8
Qxd8 34. Qd2 Qc8 35. c4 h5 36. c5 Nbd7 37. Bh3 Qc6 38. b4 Nxe4 39. fxe4 Nf6 40.
Bg2 Ng4 41. Bf3 Qe6 1-0

[Event "Carnaval"]
[Site "Quebec CAN"]
[Date "1975.02.08"]
[Round "3"]
[White "Sasseville, Jean"]
[Black "Brodie, Hugh"]
[Result "0-1"]
[WhiteElo "1600"]
[BlackElo "1800"]
[PlyCount "52"]
[EventDate "1975.02.07"]
[EventType "swiss"]
[EventRounds "5"]
[EventCountry "CAN"]

1. e4 c5 2. Nc3 Nc6 3. g3 g6 4. Bg2 Bg7 5. d3 d6 6. f4 e6 7. Be3 Nge7 8. Qd2
Rb8 9. Nf3 b5 10. O-O b4 11. Nd1 a5 12. c3 O-O 13. Kh1 Bd7 14. Rc1 Rc8 15. Bg1
f5 16. Ne3 Qc7 17. exf5 gxf5 18. Qe2 Ng6 19. Ng5 h6 20. Nd5 exd5 21. Bxd5+ Kh8
22. Qh5 Nce7 23. d4 Nxd5 24. dxc5 Nf6 25. Qxg6 hxg5 26. fxg5 Bc6+ 0-1

[Event "Carnaval"]
[Site "Quebec CAN"]
[Date "1975.02.09"]
[Round "4"]
[White "Modler, Gary"]
[Black "Brodie, Hugh"]
[Result "0-1"]
[WhiteElo "1700"]
[BlackElo "1800"]
[PlyCount "43"]
[EventDate "1975.02.07"]
[EventType "swiss"]
[EventRounds "5"]
[EventCountry "CAN"]

1. e4 c5 2. f4 g6 3. Nf3 Bg7 4. Bc4 d6 5. h3 a6 6. c3 Nc6 7. d4 cxd4 8. cxd4 e6
9. Bb3 Nge7 10. Nc3 O-O 11. Bc2 b5 12. Be3 Bb7 13. g4 Rc8 14. Qd2 Na5 15. Qf2
Nc4 16. Bc1 Nc6 17. h4 Qb6 18. b3 Nxd4 19. bxc4 Nxc2+ 20. Qxc2 Rxc4 21. Bb2
Qe3+ 22. Qe2 0-1

[Event "Carnaval"]
[Site "Quebec CAN"]
[Date "1975.02.09"]
[Round "5"]
[White "Brodie, Hugh"]
[Black "Larivee, Jacques"]
[Result "1-0"]
[WhiteElo "1800"]
[BlackElo "1600"]
[PlyCount "79"]
[EventDate "1975.02.07"]
[EventType "swiss"]
[EventRounds "5"]
[EventCountry "CAN"]

1. e4 c5 2. Nc3 Nc6 3. g3 g6 4. Bg2 Bg7 5. d3 d6 6. f4 e6 7. Nf3 Nge7 8. O-O
Rb8 9. Be3 Nd4 10. Qd2 b5 11. a3 O-O 12. h3 Bd7 13. Rae1 Qc7 14. Rf2 Nxf3+ 15.
Bxf3 Nc6 16. g4 Nd4 17. Bg2 b4 18. axb4 cxb4 19. Nd1 Rfc8 20. c4 bxc3 21. bxc3
Nb5 22. c4 Nd4 23. Ref1 f5 24. gxf5 gxf5 25. exf5 Nxf5 26. Kh2 Ba4 27. Be4 Bxd1
28. Bxf5 exf5 29. Qxd1 Re8 30. Qf3 Kh8 31. Ra2 a5 32. Qf2 Rb3 33. Rd1 Reb8 34.
Bd4 a4 35. Rg1 Rg8 36. Rxa4 Qb7 37. Rxg7 Rxg7 38. Bxg7+ Kg8 39. Bd4 Qc6 40.
Qg3+ 1-0

[Event "Ottawa U."]
[Site "Ottawa CAN"]
[Date "1974.11.08"]
[Round "1"]
[White "Brodie, Hugh"]
[Black "Horvat, Miro"]
[Result "0-1"]
[WhiteElo "1800"]
[BlackElo "2106"]
[PlyCount "118"]
[EventDate "1974.11.09"]
[EventType "swiss"]
[EventRounds "5"]
[EventCountry "CAN"]

1. f4 d5 2. e3 Nf6 3. b3 c5 4. Nf3 Nc6 5. Bb5 e6 6. Bb2 Qb6 7. Bxc6+ bxc6 8.
O-O Bb7 9. Ne5 Be7 10. Kh1 Rd8 11. d3 c4 12. d4 O-O 13. Nc3 cxb3 14. axb3 Ne8
15. Qg4 Nd6 16. Na4 Qc7 17. Qh3 Ne4 18. Nc3 Nxc3 19. Bxc3 Ra8 20. Rf3 f5 21. g4
Bd6 22. gxf5 exf5 23. Rg3 Bxe5 24. fxe5 Bc8 25. Qh4 Rf7 26. Bb4 Be6 27. Bd6 Qd7
28. Qg5 a6 29. Qf4 Qd8 30. Qf1 a5 31. Qg2 Qd7 32. Qd2 Qd8 33. Qg2 h6 34. Rg6
Qd7 35. Qd2 Kh7 36. Rg3 Qd8 37. Qg2 g5 38. h3 f4 39. exf4 Rxf4 40. Rf1 Rxd4 41.
Rf8 Qxf8 42. Bxf8 Rd1+ 43. Kh2 Rxf8 44. Rf3 Bf5 45. Rf1 Be4 46. Qxe4+ dxe4 47.
Rxd1 Rf2+ 48. Kg3 Rxc2 49. e6 Kg7 50. Rf1 h5 51. h4 Rc3+ 52. Kg2 Rf3 53. e7 Kf7
54. hxg5 Rxf1 55. e8=Q+ Kxe8 56. Kxf1 Kf7 57. Ke2 h4 58. Ke3 h3 59. Kf2 e3+ 0-1

[Event "Ottawa U."]
[Site "Ottawa CAN"]
[Date "1974.11.09"]
[Round "2"]
[White "Levtchouk, George"]
[Black "Brodie, Hugh"]
[Result "0-1"]
[WhiteElo "1370"]
[BlackElo "1800"]
[PlyCount "89"]
[EventDate "1974.11.09"]
[EventType "swiss"]
[EventRounds "5"]
[EventCountry "CAN"]

1. e4 c6 2. d4 d5 3. exd5 cxd5 4. Bd3 Nc6 5. c3 Nf6 6. Bf4 Bg4 7. Nf3 e6 8.
Nbd2 Bd6 9. Bg3 a6 10. Qc2 Rc8 11. a3 Bh5 12. O-O O-O 13. Rfe1 Re8 14. Ne5 Nxd4
15. Qa4 Bxe5 16. Bxe5 Nc6 17. Qh4 Nxe5 18. Rxe5 Bg6 19. Bxg6 hxg6 20. Re3 Nh5
21. Qd4 Qc7 22. Rae1 Qc5 23. Nb3 Qxd4 24. Nxd4 Nf6 25. h3 Ne4 26. f3 Nd6 27.
Kf2 Nf5 28. Nxf5 gxf5 29. f4 Rc4 30. g3 Rec8 31. Kf3 Re4 32. Ke2 Rcc4 33. Kd2
Rc6 34. Kc2 f6 35. Kd2 Kf7 36. Rd3 Rc5 37. Rd1 g5 38. Rf1 Rc8 39. b3 Rh8 40.
fxg5 Rxh3 41. gxf6 Rh2+ 42. Kd1 Ree2 43. c4 Ra2 44. Rc3 d4 45. Rc1 0-1

[Event "Ottawa U."]
[Site "Ottawa CAN"]
[Date "1974.11.09"]
[Round "3"]
[White "Brodie, Hugh"]
[Black "Melikoff, John"]
[Result "1-0"]
[WhiteElo "1800"]
[BlackElo "1372"]
[PlyCount "35"]
[EventDate "1974.11.09"]
[EventType "swiss"]
[EventRounds "5"]
[EventCountry "CAN"]

1. e4 d6 2. d4 g6 3. Nc3 Bg7 4. f4 Nf6 5. Nf3 O-O 6. Bd3 c5 7. dxc5 dxc5 8. O-O
Bg4 9. h3 Qd4+ 10. Nxd4 Bxd1 11. Ndb5 c4 12. Nc7 cxd3 13. Rxd1 Nbd7 14. Nxa8
dxc2 15. Rd2 Rxa8 16. e5 Re8 17. exf6 exf6 18. Rxd7 1-0

[Event "Ottawa U."]
[Site "Ottawa CAN"]
[Date "1974.11.10"]
[Round "4"]
[White "Nguyen, Tuong"]
[Black "Brodie, Hugh"]
[Result "1/2-1/2"]
[WhiteElo "1516"]
[BlackElo "1800"]
[PlyCount "141"]
[EventDate "1974.11.09"]
[EventType "swiss"]
[EventRounds "5"]
[EventCountry "CAN"]

1. e4 c5 2. Nf3 Nc6 3. d4 cxd4 4. Nxd4 g6 5. Be3 Bg7 6. Nc3 Nf6 7. Be2 d6 8. f3
Bd7 9. Qd2 O-O 10. O-O-O Qa5 11. Nb3 Qc7 12. Bh6 Rfc8 13. Bxg7 Kxg7 14. h4 Be6
15. Nd5 Bxd5 16. exd5 Ne5 17. g4 Nxd5 18. Nd4 Nf6 19. h5 Rh8 20. hxg6 hxg6 21.
g5 Nh5 22. f4 Nd7 23. f5 Ne5 24. fxg6 Kxg6 25. Bxh5+ Rxh5 26. Rxh5 Kxh5 27.
Qh2+ Kxg5 28. Qg3+ Ng4 29. Nf3+ Kf5 30. Rd4 Ne5 31. Qh3+ Kf6 32. Rf4+ Kg7 33.
Nxe5 dxe5 34. Rg4+ Kf6 35. Qh6+ Kf5 36. Rg5+ Ke4 37. Qh7+ f5 38. Rxf5 Kd5 39.
Rf7 Kd6 40. Qg6+ Kd5 41. Rf2 Rd8 42. Rd2+ Kc5 43. Qg1+ Kb5 44. Qf1+ Kb6 45.
Qf2+ Ka6 46. Qe2+ Ka5 47. Rxd8 Qxd8 48. Qxe5+ Ka6 49. c4 b6 50. Kc2 Qd7 51. Kc3
e6 52. a3 Qc6 53. b4 Qf3+ 54. Kb2 Qf2+ 55. Kb3 Qf3+ 56. Kb2 Qf2+ 57. Kb3 Qf3+
58. Qc3 Qf5 59. Qd2 Kb7 60. Qd7+ Kb8 61. Kc3 Qf3+ 62. Qd3 Qf6+ 63. Kd2 e5 64.
Ke2 Qf4 65. c5 bxc5 66. bxc5 e4 67. Qd6+ Qxd6 68. cxd6 Kb7 69. Ke3 Kc6 70. d7
Kxd7 71. Kxe4 1/2-1/2

[Event "Ottawa U."]
[Site "Ottawa CAN"]
[Date "1974.11.10"]
[Round "5"]
[White "Bussiere, Denis"]
[Black "Brodie, Hugh"]
[Result "0-1"]
[WhiteElo "1283"]
[BlackElo "1800"]
[PlyCount "64"]
[EventDate "1974.11.09"]
[EventType "swiss"]
[EventRounds "5"]
[EventCountry "CAN"]

1. e4 c5 2. Nf3 Nc6 3. d4 cxd4 4. Nxd4 g6 5. Be2 Bg7 6. Nb3 d6 7. O-O Nf6 8.
Nc3 O-O 9. f4 a5 10. a4 Be6 11. Kh1 Qc8 12. Rg1 Nb4 13. g4 Bc4 14. Bf3 Nd7 15.
Bd2 Qc7 16. h4 Nc5 17. Nxc5 Qxc5 18. h5 Rac8 19. Rg2 b6 20. Ra3 Qc7 21. Bc1
Rfd8 22. Rh2 d5 23. exd5 Nxd5 24. Nxd5 Bxd5 25. Bxd5 e6 26. Rd3 Rxd5 27. Rxd5
Qc6 28. Rhd2 exd5 29. Rxd5 Qxc2 30. Rd8+ Bf8 31. Qxc2 Rxc2 32. Rc8 Rxc8 0-1

[Event "Eastern Ontario op"]
[Site "Brockville CAN"]
[Date "1974.10.26"]
[Round "1"]
[White "Brodie, Hugh"]
[Black "Nguyen, Tuong"]
[Result "1-0"]
[WhiteElo "1800"]
[BlackElo "1700"]
[PlyCount "79"]
[EventDate "1974.10.26"]
[EventType "swiss"]
[EventRounds "5"]
[EventCountry "CAN"]

1. Nc3 Nf6 2. e4 d6 3. f4 Nbd7 4. Nf3 b6 5. Bc4 e6 6. O-O Be7 7. d3 Bb7 8. Bb3
Nc5 9. h3 O-O 10. Be3 Nxb3 11. axb3 d5 12. e5 Nd7 13. d4 c5 14. Ne2 cxd4 15.
Nexd4 Nc5 16. f5 exf5 17. Nxf5 Ne4 18. Nxe7+ Qxe7 19. Bf4 f6 20. exf6 Rxf6 21.
Be5 Rxf3 22. Qxf3 Nd2 23. Qg3 Nxf1 24. Rxf1 Rc8 25. Rf2 Rc6 26. Qf4 Rg6 27. Bc3
Bc6 28. Bb4 Rxg2+ 29. Rxg2 Qe8 30. Rf2 Qg6+ 31. Qg4 Qxg4+ 32. hxg4 h6 33. Rf8+
Kh7 34. Rf7 d4 35. Rxa7 Be4 36. Rc7 d3 37. cxd3 Bxd3 38. Bc3 h5 39. Rxg7+ Kh6
40. g5# 1-0

[Event "Eastern Ontario op"]
[Site "Brockville CAN"]
[Date "1974.10.26"]
[Round "2"]
[White "Letourneau, Charles"]
[Black "Brodie, Hugh"]
[Result "0-1"]
[WhiteElo "2280"]
[BlackElo "1800"]
[PlyCount "94"]
[EventDate "1974.10.26"]
[EventType "swiss"]
[EventRounds "5"]
[EventCountry "CAN"]

1. e4 c5 2. Nf3 Nc6 3. d4 cxd4 4. Nxd4 g6 5. Nc3 Bg7 6. Be3 Nf6 7. Bc4 Qa5 8.
O-O O-O 9. Bb3 d6 10. h3 Bd7 11. Qd2 Rac8 12. f4 a6 13. Rae1 Qc7 14. f5 Ne5 15.
fxg6 hxg6 16. Bh6 Kh7 17. Bxg7 Kxg7 18. Nd5 Nxd5 19. exd5 Rh8 20. Qf2 f6 21. c3
Rh6 22. Bc2 Rch8 23. Qg3 Qc8 24. Bf5 Kf7 25. Be6+ Bxe6 26. dxe6+ Ke8 27. Re4
Kd8 28. b4 Rh5 29. a4 Rg5 30. Qe3 Kc7 31. b5 a5 32. Ne2 Qxe6 33. Nf4 Qd7 34.
Qa7 Qc8 35. Nd5+ Kd8 36. Qxa5+ Ke8 37. Qb4 Qxh3 38. Nxf6+ exf6 39. Rxe5+ dxe5
40. Qe4 Qh2+ 41. Kf2 Qf4+ 42. Qxf4 exf4 43. Ra1 Rh2 44. a5 Rgxg2+ 45. Kf3 Rf2+
46. Ke4 f5+ 47. Kd5 Kd7 0-1

[Event "Eastern Ontario op"]
[Site "Brockville CAN"]
[Date "1974.10.26"]
[Round "3"]
[White "Brodie, Hugh"]
[Black "Yeh, D."]
[Result "1-0"]
[WhiteElo "1800"]
[BlackElo "1600"]
[PlyCount "43"]
[EventDate "1974.10.26"]
[EventType "swiss"]
[EventRounds "5"]
[EventCountry "CAN"]

1. e4 e5 2. Nc3 Nf6 3. f4 d6 4. Nf3 exf4 5. d4 d5 6. e5 Nfd7 7. Nxd5 Nc6 8.
Bxf4 b6 9. e6 fxe6 10. Bxc7 exd5 11. Bxd8 Nxd8 12. Ne5 a6 13. Qh5+ g6 14. Nxg6
Nf6 15. Qe5+ Kf7 16. Nxh8+ Kg8 17. Qxf6 Bb7 18. Bd3 Bg7 19. Qe7 Bc6 20. O-O
Bxd4+ 21. Kh1 Bc5 22. Qxh7# 1-0

[Event "Eastern Ontario op"]
[Site "Brockville CAN"]
[Date "1974.10.27"]
[Round "4"]
[White "Bray, Ron"]
[Black "Brodie, Hugh"]
[Result "1-0"]
[WhiteElo "1800"]
[BlackElo "1800"]
[PlyCount "74"]
[EventDate "1974.10.26"]
[EventType "swiss"]
[EventRounds "5"]
[EventCountry "CAN"]

1. e4 c5 2. Nf3 Nc6 3. d4 cxd4 4. Nxd4 g6 5. Nc3 Bg7 6. Be3 Nf6 7. Bc4 Qa5 8.
O-O O-O 9. h3 d6 10. Qd2 Nxd4 11. Qxd4 Ng4 12. Qd2 Nxe3 13. Qxe3 Bd7 14. Nd5
Qd8 15. c3 b5 16. Bb3 a6 17. f4 Bc6 18. f5 Rb8 19. fxg6 hxg6 20. Qg5 Bxd5 21.
Qxd5 e6 22. Qd3 Qc7 23. Rf3 Be5 24. Raf1 Qe7 25. Qe3 Kg7 26. h4 f5 27. exf5
exf5 28. g3 Rb7 29. Bc2 Rh8 30. Bxf5 gxf5 31. Rxf5 Bf6 32. Qf3 Rh6 33. g4 Bxh4
34. Qf4 Rf6 35. Qd4 Kg6 36. Qd3 Rxf5 37. Rxf5 Qe1+ 1-0

[Event "Eastern Ontario op"]
[Site "Brockville CAN"]
[Date "1974.10.27"]
[Round "5"]
[White "Brodie, Hugh"]
[Black "Clory, Ron"]
[Result "1-0"]
[WhiteElo "1800"]
[BlackElo "1700"]
[PlyCount "59"]
[EventDate "1974.10.26"]
[EventType "swiss"]
[EventRounds "5"]
[EventCountry "CAN"]

1. f4 g6 2. Nf3 Bg7 3. e4 d6 4. d4 Nd7 5. Bc4 e6 6. O-O Ne7 7. Ng5 Nb6 8. Bb3
d5 9. e5 O-O 10. c3 Nd7 11. Kh1 c5 12. Be3 b6 13. Nd2 Ba6 14. Rf3 Nf5 15. Bc2
Nxe3 16. Rxe3 h6 17. Nh3 cxd4 18. cxd4 Kh7 19. Rg3 f5 20. Nf3 Nb8 21. Nhg5+
hxg5 22. Nxg5+ Kg8 23. Nxe6 Qe7 24. Nxf8 Kxf8 25. Rxg6 Kf7 26. Qh5 Kf8 27.
Qxf5+ Qf7 28. g4 Be2 29. Qc8+ Ke7 30. f5 1-0

[Event "Quebec op"]
[Site "Montreal CAN"]
[Date "1974.10.12"]
[Round "2"]
[White "Brodie, Hugh"]
[Black "Martin, Robert"]
[Result "1/2-1/2"]
[WhiteElo "1800"]
[BlackElo "1800"]
[PlyCount "111"]
[EventDate "1974.10.12"]
[EventType "swiss"]
[EventRounds "6"]
[EventCountry "CAN"]

1. Nc3 d5 2. d4 Nf6 3. e4 dxe4 4. f3 exf3 5. Qxf3 e6 6. Be3 Be7 7. O-O-O c6 8.
Bd3 Nbd7 9. Nge2 O-O 10. Nf4 Qa5 11. g4 e5 12. Nh5 exd4 13. Bxd4 Ne5 14. Bxe5
Qxe5 15. Kb1 Nxg4 16. Ng3 Qf6 17. Qe4 g6 18. Rdf1 Qe5 19. Qf3 f5 20. Bc4+ Kh8
21. h4 Bd6 22. Rfg1 Qf4 23. Qe2 Bd7 24. h5 g5 25. Bb3 Rae8 26. Qg2 Ne3 27. Qd2
Be6 28. Nge2 Qe5 29. Rxg5 Bxb3 30. axb3 Rd8 31. Qe1 Be7 32. Rgg1 Bf6 33. Ng3
Qc5 34. Rh2 Rfe8 35. Re2 b5 36. Nxf5 Qxf5 37. Rxe3 Qxh5 38. Rf1 Rxe3 39. Qxe3
Bd4 40. Qe7 Qe8 41. Qh4 Rd7 42. Qh6 Bg7 43. Qh4 Re7 44. Rh1 h6 45. Rf1 Qd7 46.
Rd1 Qe6 47. Qf4 Qe5 48. Qf3 Qf6 49. Qg3 Rf7 50. Qd3 Qf3 51. Qd8+ Kh7 52. Rd3
Qh1+ 53. Rd1 Qf3 54. Rd3 Qh1+ 55. Rd1 Qf3 56. Rd3 1/2-1/2

[Event "Quebec op"]
[Site "Montreal CAN"]
[Date "1974.10.13"]
[Round "4"]
[White "Burstow, John"]
[Black "Brodie, Hugh"]
[Result "1-0"]
[WhiteElo "2100"]
[BlackElo "1800"]
[PlyCount "66"]
[EventDate "1974.10.12"]
[EventType "swiss"]
[EventRounds "6"]
[EventCountry "CAN"]

1. e4 c5 2. Nf3 Nc6 3. d4 cxd4 4. Nxd4 g6 5. c4 Qb6 6. Nc2 Bg7 7. Nc3 Nf6 8.
Be2 O-O 9. O-O d6 10. Kh1 Be6 11. Nd5 Qd8 12. f3 Rc8 13. Be3 Ne5 14. b3 Nc6 15.
Nd4 Bxd5 16. exd5 Ne5 17. Qe1 a6 18. a4 Qc7 19. Qh4 Rfe8 20. g4 e6 21. g5 Nh5
22. f4 Nd7 23. dxe6 fxe6 24. Bxh5 gxh5 25. Qxh5 Nf8 26. Rad1 Red8 27. f5 exf5
28. Nxf5 Be5 29. Nh6+ Kh8 30. Nf7+ Kg8 31. Nxd8 Rxd8 32. Qf3 Ng6 33. Qd5+ Kh8
1-0

[Event "Quebec op"]
[Site "Montreal CAN"]
[Date "1974.10.14"]
[Round "5"]
[White "Brodie, Hugh"]
[Black "Modler, Gary"]
[Result "0-1"]
[WhiteElo "1800"]
[BlackElo "1700"]
[PlyCount "112"]
[EventDate "1974.10.12"]
[EventType "swiss"]
[EventRounds "6"]
[EventCountry "CAN"]

1. Nc3 d5 2. d4 Nf6 3. e4 dxe4 4. f3 exf3 5. Qxf3 Qxd4 6. Be3 Qg4 7. Qf2 e6 8.
h3 Qf5 9. Nf3 Bb4 10. Bd3 Bxc3+ 11. bxc3 Qa5 12. O-O Nd5 13. Ng5 f6 14. Nxh7
Nxe3 15. Nxf6+ Kd8 16. Qxe3 gxf6 17. Qd4+ Nd7 18. Rxf6 Qb6 19. Rxe6 Qxd4+ 20.
cxd4 Nc5 21. Re3 Nxd3 22. Rxd3 Bf5 23. Rd2 Be4 24. Re2 Re8 25. g4 Kd7 26. Kh2
Bd5 27. Rd2 Re4 28. a4 Rae8 29. Rf1 Re2+ 30. Rf2 Bc4 31. Kg3 Rxd2 32. Rxd2 Re2
33. Rxe2 Bxe2 34. a5 Bd1 35. c3 b6 36. axb6 cxb6 37. Kf4 a5 38. Ke3 Kd6 39. c4
a4 40. Kd2 a3 41. Kc1 Kc6 42. Kb1 Bb3 43. g5 Bxc4 44. g6 Bd3+ 45. Ka2 Bxg6 46.
Kxa3 Kd5 47. Kb4 Be8 48. Kc3 Ke4 49. Kc4 Kf4 50. h4 Kg4 51. h5 Kxh5 52. Kd5 Kg6
53. Ke6 b5 54. Kd5 Kf5 55. Kc5 Ke4 56. d5 Kd3 0-1

[Event "Quebec op"]
[Site "Montreal CAN"]
[Date "1974.10.14"]
[Round "6"]
[White "Day, Angela"]
[Black "Brodie, Hugh"]
[Result "0-1"]
[WhiteElo "1650"]
[BlackElo "1800"]
[PlyCount "139"]
[EventDate "1974.10.12"]
[EventType "swiss"]
[EventRounds "6"]
[EventCountry "CAN"]

1. Nf3 d6 2. d4 Nf6 3. c4 g6 4. Nc3 Bg7 5. e4 O-O 6. Be3 Ng4 7. Bf4 c6 8. h3
Nf6 9. Qd2 a6 10. Bh6 b5 11. Bxg7 Kxg7 12. Bd3 Nbd7 13. e5 Ne8 14. h4 dxe5 15.
h5 Rh8 16. hxg6 hxg6 17. Rxh8 Kxh8 18. Qh6+ Kg8 19. Bxg6 fxg6 20. Qxg6+ Ng7 21.
Ng5 Nf6 22. dxe5 Qe8 23. Qxe8+ Nfxe8 24. O-O-O Bf5 25. cxb5 axb5 26. b3 Ne6 27.
Nf3 Rd8 28. Rxd8 Nxd8 29. Nd4 Bh7 30. g4 Nc7 31. f4 Nce6 32. Nxe6 Nxe6 33. f5
Nc5 34. Kd2 Nd7 35. e6 Ne5 36. a4 bxa4 37. bxa4 Kf8 38. Ne4 Nxg4 39. a5 Ne5 40.
a6 Nc4+ 41. Kc3 Nb6 42. Ng3 Ke8 43. Kd4 Kd8 44. Kc5 Kc7 45. f6 exf6 46. e7 Bg6
47. Nf5 Nd7+ 48. Kd4 Kb6 49. a7 Kxa7 50. Nd6 Kb6 51. e8=Q Bxe8 52. Nxe8 Kb5 53.
Nd6+ Kb4 54. Ne4 c5+ 55. Nxc5 Nxc5 56. Kd5 Nd7 57. Ke4 Kc4 58. Kf5 Kd5 59. Kf4
Ke6 60. Ke4 f5+ 61. Kf4 Kf6 62. Kf3 Ke5 63. Ke3 f4+ 64. Kf3 Kf5 65. Kf2 Ke4 66.
Ke2 f3+ 67. Kf2 Kf4 68. Kf1 Ke3 69. Ke1 f2+ 70. Kf1 0-1

[Event "Sherbrooke"]
[Site "Sherbrooke CAN"]
[Date "1974.08.24"]
[Round "1"]
[White "Boisvert, Yves"]
[Black "Brodie, Hugh"]
[Result "0-1"]
[WhiteElo "1390"]
[BlackElo "1800"]
[PlyCount "76"]
[EventDate "1974.08.24"]
[EventType "swiss"]
[EventRounds "5"]
[EventCountry "CAN"]

1. c4 e5 2. Nc3 Nc6 3. g3 d6 4. Bg2 g6 5. e3 Bg7 6. Nge2 f5 7. f4 e4 8. d3 exd3
9. Qxd3 Nf6 10. a3 O-O 11. O-O Re8 12. b4 Kh8 13. b5 Nb8 14. Rd1 Nbd7 15. Na4
Qe7 16. Nec3 Nb6 17. c5 dxc5 18. Nxb6 axb6 19. Ra2 Be6 20. Nd5 Nxd5 21. Bxd5
Bxd5 22. Qxd5 Rad8 23. Qf3 Rxd1+ 24. Qxd1 Rd8 25. Qf3 Qe6 26. Rc2 c6 27. bxc6
bxc6 28. Bb2 Qb3 29. Bxg7+ Kxg7 30. Re2 Rd5 31. g4 Qxa3 32. gxf5 gxf5 33. Rg2+
Kf8 34. Qh3 Qa1+ 35. Kf2 Rd2+ 36. Kg3 Qe1+ 37. Kf3 Qf1+ 38. Kg3 Qxg2+ 0-1

[Event "Sherbrooke"]
[Site "Sherbrooke CAN"]
[Date "1974.08.24"]
[Round "2"]
[White "Brodie, Hugh"]
[Black "Angers, Gilles"]
[Result "0-1"]
[WhiteElo "1800"]
[BlackElo "1900"]
[PlyCount "126"]
[EventDate "1974.08.24"]
[EventType "swiss"]
[EventRounds "5"]
[EventCountry "CAN"]

1. Nc3 d5 2. d4 Nf6 3. e4 dxe4 4. f3 exf3 5. Qxf3 c6 6. Be3 Bg4 7. Qf2 e6 8.
Bd3 Nbd7 9. Nf3 Bd6 10. O-O Qc7 11. h3 Bh5 12. Ng5 Bg3 13. Qd2 Bg6 14. Nge4
Nxe4 15. Nxe4 Bxe4 16. Bxe4 Nf6 17. Bd3 Nh5 18. Rf3 f5 19. Bc4 f4 20. Bf2 Bxf2+
21. Qxf2 O-O-O 22. Bxe6+ Kb8 23. Bg4 Nf6 24. Rxf4 Rhe8 25. c3 Re7 26. Rf1 Rde8
27. Bd1 a6 28. Rf5 Ne4 29. Qf4 Ng3 30. Qxc7+ Kxc7 31. Rf7 Nxf1 32. Rxe7+ Rxe7
33. Kxf1 Kd6 34. Kf2 c5 35. dxc5+ Kxc5 36. Be2 a5 37. b3 Kd6 38. a3 Rc7 39. c4
Kc5 40. Ke3 Rd7 41. Bd3 h6 42. Be2 Rd6 43. Bd3 Rb6 44. Bc2 a4 45. bxa4 Kxc4 46.
Kf4 Kc3 47. Bf5 Kb3 48. Bd7 Kxa3 49. g4 Rd6 50. Bb5 Rd4+ 51. Kf5 Rxa4 52. Bxa4
Kxa4 53. Kg6 b5 54. Kxg7 b4 55. Kxh6 b3 56. g5 b2 57. g6 b1=Q 58. g7 Qc1+ 59.
Kh7 Qc2+ 60. Kg8 Qg6 61. Kh8 Qh6+ 62. Kg8 Qxh3 63. Kf7 Qf5+ 0-1

[Event "Sherbrooke"]
[Site "Sherbrooke CAN"]
[Date "1974.08.24"]
[Round "3"]
[White "Baker, G."]
[Black "Brodie, Hugh"]
[Result "0-1"]
[WhiteElo "1600"]
[BlackElo "1800"]
[PlyCount "130"]
[EventDate "1974.08.24"]
[EventType "swiss"]
[EventRounds "5"]
[EventCountry "CAN"]

1. d4 Nf6 2. c4 e5 3. dxe5 Ng4 4. Nf3 Nc6 5. Bf4 Bb4+ 6. Nbd2 Qe7 7. a3 Ngxe5
8. Nxe5 Nxe5 9. e3 Bxd2+ 10. Qxd2 d6 11. Be2 O-O 12. O-O Be6 13. Rac1 g5 14.
Bg3 f5 15. f4 gxf4 16. Bxf4 Ng6 17. Bg3 Rae8 18. b4 Bd7 19. Bf2 Qg5 20. c5 Bc6
21. Bc4+ Kg7 22. Bd5 Bxd5 23. Qxd5 dxc5 24. Rxc5 c6 25. Qd4+ Kg8 26. Qc4+ Kg7
27. Qc3+ Kg8 28. Re1 Re4 29. Qc2 Rfe8 30. Qb3+ Kg7 31. Qd1 Ne5 32. h3 h6 33.
Kh1 Kh7 34. Rc3 Rg8 35. Rg1 Rd8 36. Qe2 Re8 37. g3 Qg8 38. b5 Qd5 39. Kh2 Rc4
40. Rd1 Nf3+ 41. Kh1 Nd4+ 42. Kh2 Nxe2 43. Rxd5 cxd5 44. Rd3 Rd8 45. h4 Nc1 46.
Rd1 Nb3 47. h5 Rc2 48. Kg2 Nc5 49. Kf3 Kg7 50. Be1 Kf7 51. Kf4 Ke6 52. Rd4 Rc1
53. Bf2 Rc4 54. Kf3 Rxd4 55. exd4 Ne4 56. Be3 Ng5+ 57. Kf4 Rc8 58. a4 Rc4 59.
a5 Rb4 60. b6 axb6 61. axb6 Rxb6 62. Bd2 Rb3 63. Be3 b5 64. g4 fxg4 65. Kxg4
Rxe3 0-1

[Event "Sherbrooke"]
[Site "Sherbrooke CAN"]
[Date "1974.08.25"]
[Round "4"]
[White "Brodie, Hugh"]
[Black "Dorval, Denis"]
[Result "1/2-1/2"]
[WhiteElo "1800"]
[BlackElo "1700"]
[PlyCount "167"]
[EventDate "1974.08.24"]
[EventType "swiss"]
[EventRounds "5"]
[EventCountry "CAN"]

1. Nc3 e5 2. e4 Nf6 3. f4 d5 4. fxe5 Nxe4 5. Nf3 Be7 6. d4 O-O 7. Bd3 f5 8.
exf6 Nxf6 9. O-O Bg4 10. h3 Bh5 11. Ne2 Bd6 12. Nf4 Bxf4 13. Bxf4 Ne4 14. Bh2
Ng5 15. Be2 Ne4 16. Ne5 Rxf1+ 17. Qxf1 Bxe2 18. Qxe2 Nd7 19. Rf1 Ndf6 20. Qf3
Qe7 21. Qe2 Rf8 22. c3 c6 23. Rf5 Nd6 24. Rf2 Nfe4 25. Rxf8+ Qxf8 26. Qf3 Qxf3
27. Nxf3 Nc4 28. b3 Nb6 29. Kf1 Nxc3 30. a3 Kf7 31. Be5 Nd7 32. Bd6 Ke6 33. Bb4
Ne4 34. Ke2 Kf5 35. Ke3 g5 36. g4+ Kg6 37. Be1 Kf6 38. Kd3 Ke6 39. a4 Ndf6 40.
Ke3 h5 41. Nh2 Kd7 42. gxh5 Nxh5 43. h4 Nf4 44. hxg5 Ng2+ 45. Ke2 Nxe1 46. Kxe1
Nxg5 47. Kd2 Kc7 48. Ng4 Kb6 49. Ne3 Ne6 50. Kc3 Nc7 51. Nc2 a5 52. Ne3 Ka6 53.
Nc2 b5 54. axb5+ cxb5 55. b4 a4 56. Ne3 Kb6 57. Nc2 Kc6 58. Na3 Na8 59. Kd3 Nb6
60. Nb1 Nc4 61. Nc3 Na3 62. Kd2 Nc4+ 63. Kd3 Nb6 64. Nb1 Na8 65. Na3 Nc7 66.
Nc2 Kd6 67. Na3 Ke6 68. Ke3 Kf5 69. Kf3 Na6 70. Nc2 Ke6 71. Ke3 Kd6 72. Kd3 a3
73. Kc3 a2 74. Kb2 Ke6 75. Kxa2 Kf5 76. Kb3 Ke4 77. Kc3 Nc7 78. Na3 Ke3 79.
Nc2+ Ke2 80. Na3 Kd1 81. Kd3 Na6 82. Nxb5 Nxb4+ 83. Kc3 Nc6 84. Kd3 1/2-1/2

[Event "Sherbrooke"]
[Site "Sherbrooke CAN"]
[Date "1974.08.25"]
[Round "5"]
[White "Brodie, Hugh"]
[Black "Thibault, Serge"]
[Result "0-1"]
[WhiteElo "1800"]
[BlackElo "1750"]
[PlyCount "50"]
[EventDate "1974.08.24"]
[EventType "swiss"]
[EventRounds "5"]
[EventCountry "CAN"]

1. Nc3 Nf6 2. e4 e5 3. f4 d5 4. fxe5 Nxe4 5. Nf3 Bb4 6. Qe2 Bxc3 7. bxc3 O-O 8.
Bb2 b6 9. Qe3 Bb7 10. d4 Na6 11. Bd3 c5 12. O-O Rc8 13. Ba3 Re8 14. Qf4 h6 15.
Nh4 Rc7 16. Nf5 Nxc3 17. Nxh6+ gxh6 18. Qxh6 Ne4 19. Bc1 Re6 20. Qh3 Rg6 21.
Rf4 Bc8 22. Qf3 Nb4 23. a3 Nxd3 24. cxd3 Ng5 25. Qh5 Nh3+ 0-1